00362nam a22001337a 450000500170000000800410001704100120005808200120007010000120008224500310009426000460012530000320017165000250020320240801062337.0240801b |||||||| |||| 00| 0 eng d aEnglish a349 SOU lEnglish aSouth African Law Reports  aCape Town: bJuta and Company Ltd, c1938 bxviii, 577 pages; c25 cm.  aLegal practice bLaw